MARC

LEADER 00000nam0a2200000 4500
001 196154
005 20231101224655.0
035 |a (RuTPU)RU\TPU\book\213995 
090 |a 196154 
100 |a 20110519d m y0rusy50 ca 
101 0 |a rus 
102 |a RU 
105 |a y z 000ay 
200 1 |a Мёртвое озеро  |e роман  |f Н. А. Некрасов 
210 |a Ярославль  |c Верхневолжское книжное изд-во  |d 1964 
215 |a 772 с. 
606 1 |a Русская литература, дореволюционная  |2 stltpush  |3 (RuTPU)RU\TPU\subj\26371  |9 50314 
610 1 |a художественная литература 
610 1 |a романы 
610 1 |a 19 век 
610 1 |a женщина в России 
610 1 |a артисты в России 
675 |a Р1  |v 3 
700 1 |a Некрасов  |b Н. А.  |c русский поэт  |f 1821-1877/1878  |g Николай Алексеевич  |2 stltpush  |3 (RuTPU)RU\TPU\pers\331  |9 161 
801 1 |a RU  |b 63413507  |c 20110519 
801 2 |a RU  |b 63413507  |c 20220121  |g RCR 
942 |c BK